000 00234nam a2200097Ia 4500
999 _c9185
_d9185
100 _aKazmi Syed Manzar Hussain
245 0 _aWajid Ali Shah : Unki Shayree aur Mersiyee
260 _aKarachi
_bAli Sons
_c2000
300 _a672
942 _cBK